| 000 | 00545nam a22001937a 4500 | ||
|---|---|---|---|
| 005 | 20260526161109.0 | ||
| 008 | 260526b |||||||| |||| 00| 0 eng d | ||
| 020 |
_a9789394991040 _c275.00 |
||
| 040 | _aMAIN | ||
| 041 | _aHindi | ||
| 082 |
_a634.95487 _bUNI |
||
| 100 |
_aUniyal, B.P. _95060 |
||
| 245 | _aTrees of Raja Ji Tiger Reserve | ||
| 260 |
_aDehradun _bBishan Singh Mahindra Pal Singh _c2023 |
||
| 300 | _a28 | ||
| 650 |
_aUttarakhand Collection : Himalaya Collection _913 |
||
| 700 |
_aUniyal, Sanjay Kumar _926907 |
||
| 942 | _cBK | ||
| 999 |
_c60891 _d60891 |
||